Search the Library Catalogue
| 000 -LEADER | |
|---|---|
| fixed length control field | 01681nam a2200181Ia 4500 |
| 008 - FIXED-LENGTH DATA ELEMENTS--GENERAL INFORMATION | |
| fixed length control field | 260302s9999 xx 000 0 und d |
| 020 ## - INTERNATIONAL STANDARD BOOK NUMBER | |
| ISBN | 9781843765837 |
| 082 ## - DEWEY DECIMAL CLASSIFICATION NUMBER | |
| Classification number | 339.5 |
| Item number | ARE |
| 100 ## - MAIN ENTRY--AUTHOR NAME | |
| Personal name | Arestis, Philip |
| 245 #0 - TITLE STATEMENT | |
| Title | Re-examining Monetary and Fiscal Policy for the 21st Century / |
| Statement of responsibility, etc | Arestis, Philip; Sawyer, Malcolm C. |
| 260 ## - PUBLICATION, DISTRIBUTION, ETC. (IMPRINT) | |
| Name of publisher | Edward Elgar Publishing, |
| Year of publication | 2004 |
| 300 ## - PHYSICAL DESCRIPTION | |
| Number of Pages | 232 pages |
| 520 ## - SUMMARY, ETC. | |
| Summary, etc | This book provides a much-needed re-examination of monetary and fiscal policies, their application in the real world and their potential for macroeconomic policy in the 21st century. It provides a detailed discussion and critique of the 'new consensus' in macroeconomics along with the monetary and fiscal policies encapsulated within it. The authors argue that monetary policy is an ineffective means of controlling inflation and, if not used properly, can also have detrimental effects on the supply-side of the economy. They further contend that fiscal policy remains a potent instrument for influencing aggregate demand. Using detailed analysis the authors emphasise the role of capacity constraints as possible inflation barriers and argue against the NAIRU as a labour market phenomenon. The book concludes by critically examining the economic policies of the European Economic and Monetary Union. Written by two of the leading scholars in the field, this provocative new volume is concise, well argued and rich in new insights. It will interest all those concerned with the current problems and future development of monetary and fiscal policy. |
| 650 ## - SUBJECT ADDED ENTRY--TOPICAL TERM | |
| Topical Term | Business & Economics |
| 700 ## - ADDED ENTRY--PERSONAL NAME | |
| Personal name | Sawyer, Malcolm C. |
| 942 ## - ADDED ENTRY ELEMENTS (KOHA) | |
| Koha item type | English Books |
| Withdrawn status | Lost status | Damaged status | Not for loan | Home library | Current library | Shelving location | Date acquired | Full call number | Accession Number | Price effective from | Koha item type |
|---|---|---|---|---|---|---|---|---|---|---|---|
| Anna Centenary Library | Anna Centenary Library | 4TH FLOOR, A WING | 02.03.2026 | 339.5 ARE | 342674 | 02.03.2026 | English Books |